Oxford English for Information Technology

Λεπτομέρειες βιβλιογραφικής εγγραφής
Κύριος συγγραφέας: Glendinning E. H. Eric H.
Άλλοι συγγραφείς: Mcewan J. John
Γλώσσα:Αγγλικά
Έκδοση: New York, Oxford University Press, 2006
Έκδοση:2nd ed.
Θέματα:
Μορφή: Βιβλίο
KOHA link:https://koha.lib.tpu.ru/cgi-bin/koha/opac-detail.pl?biblionumber=102971

MARC

LEADER 00000nam0a2200000 4500
001 102971
005 20231031113201.0
010 |a 019457492X 
035 |a (RuTPU)RU\TPU\book\111018 
035 |a RU\TPU\book\59320 
090 |a 102971 
100 |a 20061010d2006 m y0engy50 ba 
101 0 |a eng 
102 |a US 
105 |a a j 000zy 
200 1 |a Oxford English for Information Technology  |f E. H. Glendinning, J. Mcewan 
205 |a 2nd ed. 
210 |a New York  |c Oxford University Press  |d 2006 
215 |a 224 p.  |c il. 
610 1 |a английский язык 
610 1 |a учебные пособия 
610 1 |a лексика 
610 1 |a разговорная речь 
610 1 |a деловое общение 
610 1 |a информатика 
610 1 |a информационные технологии 
610 1 |a компьютерная техника 
686 |a Ш143.21-923  |v LBC/SL-A  |2 rubbk 
700 1 |a Glendinning  |b E. H.  |g Eric H. 
701 1 |a Mcewan  |b J.  |g John 
801 1 |a RU  |b 63413507  |c 20030930  |g PSBO 
801 2 |a RU  |b 63413507  |c 20030930  |g PSBO 
801 2 |a RU  |b 63413507  |c 20221206  |g PSBO 
942 |c BK 
959 |a 29/20060505  |d 20  |e 200,94  |f АЯ1:1